00361nam a2200109Ia 4500008004000000082001600040100004000056245004300096260004600139300001200185650005400197210210b1974 xxu||||| |||| 00| 0 eng d a331.11 HARE aHARBISON (Frederick) & MYERS (C A). aEducation, manpower & economic growth. aBombaybOxford & IBH publishing Co.c1974 axii,229 aEducation & manpower Manpower & economic growth